| 000 | 00799nam a22001337a 4500 | ||
|---|---|---|---|
| 040 | _cRUA | ||
| 082 | _aAVM POU 2009 B087 Or.1 | ||
| 100 | _aPOUCH, SARORN. | ||
| 245 | _aThe effect of replecing fish meal by shrimp by product in the concentrate on the performance of hybrid chicken at rua, ឥទ្ធិពលនៃការប្រើប្រាស់អនុផលបង្គាជំនូសត្រីហាលជាចំណីផ្សំលើការលូតលាស់មាន់ពូជកូនកាត់នៅស្ថានីយ៍ពិសោធន៍សត្វនៃ ស.វ.ភ.ក | ||
| 260 |
_aPhnom Penh _bRUA _c2009 |
||
| 300 |
_ax; 42p. _bill. _c29cm. |
||
| 856 | _uhttps://drive.google.com/file/d/1fNdmLboa3PVSenm6XXYxRv5tEpOqbX1v/view?usp=sharing | ||
| 942 | _cAVM | ||
| 999 |
_c2318 _d2318 |
||